00890cam a22002291 4500001001300000003000400013005001700017008004100034010001700075035001900092040001900111042001200130050001700142100003900159245012600198260006800324300001800392410007000410500012400480650003900604999001700643gs 24000226 DLC20260227111328.0790607s1924 ilua s000 0 eng  ags 24000226  a(OCoLC)5045027 aDLCcTxCMdDLC apremarc00aTN872.I3bC61 aCollingwood, Douglas Moore,d1887-10aFurther consideration of prospects for oil in the Decatur area,cby D. M. Collingwood. Printed by authority of the state. aUrbana, Ill.a[Springfield,bIllinois State Journal Co.]c1924. a44 p.billus.20aIllinois State Geological SurveytReport of investigationsvno. 1 aAt head of title: State of Illinois. Department of Registration and Education. Division of the State Geological Survey. 0aPetroleumzIllinoiszDecatur area. c26335d26335